| 000 | 00699nam a22002297a 4500 | ||
|---|---|---|---|
| 999 |
_c19087 _d19087 |
||
| 001 | 1713205 | ||
| 003 | OSt | ||
| 005 | 20201015111601.0 | ||
| 008 | 160921b xxu||||| |||| 00| 0 eng d | ||
| 010 | _a 71182329 | ||
| 020 | _a0151141800 | ||
| 040 |
_aMMU _cMMU _dMMU _beng |
||
| 050 | 0 | 0 | _aPR7122 .A26 1971 |
| 100 | 1 |
_aLindbergh, Anne Morrow, _d1906-2001. |
|
| 245 | 1 | 0 |
_aBring me a unicorn/ _cAnne Morrow Lindbergh, |
| 250 | _a[1st ed.] | ||
| 260 |
_aNew York: _bHarcourt Brace Jovanovich, _c[c1972] |
||
| 300 |
_axxv, 259 p. : _billus. _c22 cm. |
||
| 650 | 0 |
_aAuthors, American _y20th century _vCorrespondence. |
|
| 650 | 0 |
_aAuthors, American _y20th century _vDiaries. |
|
| 942 |
_2lcc _cLOAN LOAN |
||